<?xml version="1.0" encoding="UTF-8"?><?xml-stylesheet type="text/xsl" href="static/style.xsl"?><OAI-PMH xmlns="http://www.openarchives.org/OAI/2.0/" xmlns:xsi="http://www.w3.org/2001/XMLSchema-instance" xsi:schemaLocation="http://www.openarchives.org/OAI/2.0/ http://www.openarchives.org/OAI/2.0/OAI-PMH.xsd"><responseDate>2026-04-28T15:17:56Z</responseDate><request verb="GetRecord" identifier="oai:repisalud.isciii.es:20.500.12105/26977" metadataPrefix="marc">https://repisalud.isciii.es/rest/oai/request</request><GetRecord><record><header><identifier>oai:repisalud.isciii.es:20.500.12105/26977</identifier><datestamp>2026-02-05T01:15:24Z</datestamp><setSpec>com_20.500.12105_2405</setSpec><setSpec>com_20.500.12105_2403</setSpec><setSpec>col_20.500.12105_2413</setSpec></header><metadata><record xmlns="http://www.loc.gov/MARC21/slim" xmlns:dcterms="http://purl.org/dc/terms/" xmlns:doc="http://www.lyncode.com/xoai" xmlns:xsi="http://www.w3.org/2001/XMLSchema-instance" xsi:schemaLocation="http://www.loc.gov/MARC21/slim http://www.loc.gov/standards/marcxml/schema/MARC21slim.xsd">
   <leader>00925njm 22002777a 4500</leader>
   <datafield ind2=" " ind1=" " tag="042">
      <subfield code="a">dc</subfield>
   </datafield>
   <datafield ind2=" " ind1=" " tag="720">
      <subfield code="a">Cuesta-Lozano, Daniel</subfield>
      <subfield code="e">author</subfield>
   </datafield>
   <datafield ind2=" " ind1=" " tag="720">
      <subfield code="a">Domínguez-Hurtado, Berta</subfield>
      <subfield code="e">author</subfield>
   </datafield>
   <datafield ind2=" " ind1=" " tag="720">
      <subfield code="a">Padron-Monedero, Alicia</subfield>
      <subfield code="e">author</subfield>
   </datafield>
   <datafield ind2=" " ind1=" " tag="720">
      <subfield code="a">Noguer, Isabel</subfield>
      <subfield code="e">author</subfield>
   </datafield>
   <datafield ind2=" " ind1=" " tag="720">
      <subfield code="a">Linares-Gil, Cristina</subfield>
      <subfield code="e">author</subfield>
   </datafield>
   <datafield ind2=" " ind1=" " tag="720">
      <subfield code="a">Lopez-Bueno, Jose Antonio</subfield>
      <subfield code="e">author</subfield>
   </datafield>
   <datafield ind2=" " ind1=" " tag="720">
      <subfield code="a">Navas-Martin, Miguel Angel</subfield>
      <subfield code="e">author</subfield>
   </datafield>
   <datafield ind2=" " ind1=" " tag="720">
      <subfield code="a">Diaz-Jimenez, Julio</subfield>
      <subfield code="e">author</subfield>
   </datafield>
   <datafield ind2=" " ind1=" " tag="260">
      <subfield code="c">2025-12</subfield>
   </datafield>
   <datafield ind2=" " ind1=" " tag="520">
      <subfield code="a">Las inundaciones tienen muy graves consecuencias en términos de salud y de pérdidas materiales, ya que además de la tragedia de los fallecimientos, los supervivientes presentan mayor incidencia y gravedad de problemas cardíacos, respiratorios, enfermedades infecciosas y problemas de salud mental (SM). El día 29 de octubre de 2024 una Depresión Aislada en Niveles Altos de la Atmósfera (DANA) provocó precipitaciones intensas y arrasó la costa mediterránea española. Afectó a 78 municipios (75 en la Comunidad Valenciana, dos en Castilla la Mancha y uno en Andalucía) y provocó la muerte 237 personas (229 en Comunidad de Valencia, siete en Castilla-La Mancha y uno en Andalucía). También dejó numerosos heridos e innumerables daños materiales. La idea de la presente investigación surge para dar respuesta a una necesidad de la Sociedad de Psiquiatría de la Comunidad Valenciana, que convocó al Departamento de Cambio Climático, Salud y Medio Ambiente Urbano del ISCIII para dar una ponencia sobre “Medio Ambiente y Salud Mental. Una realidad emergente” en la XXXII Reunión de la Sociedad de Psiquiatría de la Comunidad Valenciana (21 y 22 de febrero del 2025). Dada la importancia de la inundación causada, se consideró pertinente centrarse en el potencial impacto en la SM. En línea con este enfoque, nos centraremos en la relación entre las inundaciones repentinas pluviales, con desbordamiento de cauces y los problemas de SM. Esta publicación pretende ser una recopilación de los trabajos de investigación publicados en revistas nacionales e internacionales hasta la actualidad, donde se analice la relación entre las inundaciones repentinas puntuales y los problemas de SM. También se incluyen las evidencias científicas publicadas hasta la actualidad, sobre este mismo tema y las diferentes actividades preventivas, de mitigación y terapéuticas. Pretende ser una publicación de referencia oportuna y extrapolable nacional e internacionalmente.</subfield>
   </datafield>
   <datafield ind1="8" ind2=" " tag="024">
      <subfield code="a">Padrón-Monedero A, Noguer-Zambrano I, Cuesta-Lozano D, Linares Gil C, Domínguez-Hurtado B, López-Bueno JA, Navas Martín MA, Díaz Jiménez J. Relación entre las inundaciones y los problemas de salud mental. Una revisión de alcance. Madrid, España. Ed: Instituto de Salud Carlos III. Ministerio de Ciencia, Innovación y Universidades. 2025</subfield>
   </datafield>
   <datafield ind1="8" ind2=" " tag="024">
      <subfield code="a">https://hdl.handle.net/20.500.12105/26977</subfield>
   </datafield>
   <datafield ind1="8" ind2=" " tag="024">
      <subfield code="a">156250493</subfield>
   </datafield>
   <datafield tag="653" ind2=" " ind1=" ">
      <subfield code="a">Inundaciones</subfield>
   </datafield>
   <datafield tag="653" ind2=" " ind1=" ">
      <subfield code="a">DANA</subfield>
   </datafield>
   <datafield tag="653" ind2=" " ind1=" ">
      <subfield code="a">Salud mental</subfield>
   </datafield>
   <datafield tag="653" ind2=" " ind1=" ">
      <subfield code="a">Revisión</subfield>
   </datafield>
   <datafield ind2="0" ind1="0" tag="245">
      <subfield code="a">Relación entre las inundaciones y los problemas de salud mental. Una revisión de alcance.</subfield>
   </datafield>
</record></metadata></record></GetRecord></OAI-PMH>